[Event "Hong Kong op"]
[Site "Hong Kong"]
[Date "2023.12.26"]
[Round "5"]
[White "Li, Yiheng"]
[Black "Saragih, Arif Rahman"]
[Result "0-1"]
[WhiteElo "1844"]
[BlackElo "2308"]
[PlyCount "90"]
[EventDate "2023.12.24"]
[EventType "swiss"]
[EventRounds "9"]
[EventCountry "HKG"]
[SourceTitle "CB01_2024"]
[SourceDate "2024.01.03"]
[SourceVersion "1"]
[SourceVersionDate "2024.01.03"]
[SourceQuality "1"]

1. e4 Nc6 2. d4 d5 3. e5 Bf5 4. c3 e6 5. f4 f6 6. Nf3 Qd7 7. Be2 Nh6 8. 0-0 Be7 9. a4 0-0 10. Na3 Kh8 11. Nc2 Bxc2 12. Qxc2 f5 13. b4 Nd8 14. Ba3 Ndf7 15. Kh1 g5 16. fxg5 Nxg5 17. Bc1 Rg8 18. Bf4 Rg7 19. Qc1 Nhf7 20. Nxg5 Nxg5 21. Qe3 Rag8 22. Rg1 Ne4 23. Bf3 Bg5 24. Bxg5 Rxg5 25. Bxe4 dxe4 26. c4 Qg7 27. Ra2 Qh6 28. Qf4 Qh5 29. Rf1 Rg4 30. Qe3 Rg3 31. Qe1 Rd3 32. Rd2 Qg5 33. Rff2 Rc3 34. Rc2 Re3 35. Rce2 Rd3 36. Rd2 Ra3 37. Ra2 e3 38. Rfe2 Rd3 39. Rac2 f4 40. Qa1 Qf5 41. Qf1 f3 42. Re1 e2 43. Qf2 fxg2+ 44. Kg1 Qxf2+ 45. Kxf2 g1Q+ 0-1